00565nam a2200121Ia 4500008004100000245015200041260003300193300001700226650002300243856008500266999001900351952007300370160712s9999 xx 000 0 und d aRaul Pertierra. (2010). The Anthropology of New Media in the Philippines. Quezon City: Institute of Philippine Culture, Ateneo de Manila University c2011bSocial Science Diliman avol. 7 no. 1 xMASS COMMUNICATION uhttp://journals.upd.edu.ph/index.php/socialsciencediliman/issue/view/254/showToc c297633d297633 001040aCLbCLd2016-07-12l0r2016-07-12 00:00:00w2016-07-12yFEJ